Central Library || Chittagong University
Normal view MARC view

Entry Personal Name

Number of records used in: 1

001 - CONTROL NUMBER

  • control field: 20395

003 - CONTROL NUMBER IDENTIFIER

  • control field: BD-ChCU

005 - DATE AND TIME OF LATEST TRANSACTION

  • control field: 20260217133801.0

008 - FIXED-LENGTH DATA ELEMENTS

  • fixed length control field: 260217|| aca||aabn | a|a d

040 ## - CATALOGING SOURCE

  • Original cataloging agency: BD-ChCU

100 ## - HEADING--PERSONAL NAME

  • Personal name: Teresi , Dick
© Copyright 2026. Chittagong University Library, Installation and Maintenance by Prof. Dr. Md. Alamgir, 01711306253